<An> Econometric analysis of countries'repayment performance to the International Monetary Fund

Gespeichert in:
Bibliographische Detailangaben
1. Verfasser: Aylward, Lynn
Weitere Verfasser: Thorne, Rupert
Format: Buch
Sprache:Englisch
Veröffentlicht: Washington IMF 1998
Schriftenreihe:IMF Working Paper 32
Schlagworte:
Tags: Tag hinzufügen
Keine Tags, Fügen Sie das erste Tag hinzu!

MARC

LEADER 00000nam a2200000 4500
001 c106266
005 20221221082124.5
041 0 |a eng 
044 |a US 
245 1 0 |a <An> Econometric analysis of countries'repayment performance to the International Monetary Fund  |c Prepared by Lynn Aylward and Rupert Thorne 
264 1 |a Washington  |b IMF  |c 1998 
300 |a 47 s. 
490 1 |a IMF Working Paper  |v 32 
830 0 |a IMF Working Paper  |v 32 
610 2 0 |a analýza ekonometrická 
610 2 0 |a dlhy štátne 
610 2 0 |a splátky 
610 2 0 |a organizácie ekonomické medzinárodné 
610 2 0 |a Medzinárodný menový fond 
610 2 0 |a modely ekonometrické 
100 1 |a Aylward, Lynn 
700 1 |a Thorne, Rupert